[Event "Prague op"]
[Site "Prague"]
[Date "1989.??.??"]
[Round "5"]
[White "Chiricuta, Marius"]
[Black "Volke, Karsten"]
[Result "0-1"]
[WhiteElo "2230"]
[BlackElo "2380"]

1.e4 g6 2.d4 Bg7 3.Nc3 d6 4.f4 c6 5.Nf3 Bg4 6.Be2 Qb6 7.e5 Nh6 8.Ng5 Bxe2
9.Nxe2 c5 10.c3 cxd4 11.Qxd4 dxe5 12.Qxb6 axb6 13.fxe5 Bxe5 14.Ne6 Nf5 15.N6f4 Nd7
16.Nd3 Bg7 17.g4 Nd6 18.Bf4 e5 19.Bg3 Nc4 20.Bf2 e4 21.Nb4 Nxb2 22.Bd4 O-O
23.g5 Nd3+ 24.Nxd3 exd3 25.Nc1 Nc5 26.O-O Rad8  0-1

[Event "Prague op"]
[Site "Prague"]
[Date "1989.??.??"]
[Round "7"]
[White "Vavruska, Antonin"]
[Black "Volke, Karsten"]
[Result "0-1"]
[WhiteElo "2300"]
[BlackElo "2380"]

1.e4 g6 2.d4 Bg7 3.Nc3 d6 4.Bg5 c5 5.d5 h6 6.Bf4 Nf6 7.Be2 O-O 8.Qd2 Kh7
9.h4 Na6 10.Nf3 Qa5 11.O-O Bg4 12.a3 Rad8 13.Rad1 Nc7 14.Rfe1 b5 15.Ra1 Qb6
16.b4 a5 17.Rab1 cxb4 18.axb4 axb4 19.Rxb4 Rc8 20.Nb1 Bd7 21.Bf1 Na6 22.Rb3 Nc5
23.Rb4 Qa5 24.e5 Nxd5 25.Rd4 Qxd2 26.Bxd2 e6 27.Rb4 Nxb4 28.Bxb4 d5 29.Nd4 Rfd8
30.Ba5 Re8 31.Nxb5 Nb7 32.Bb4 Rxc2 33.Nd4 Rcc8 34.Nd2 Bf8 35.Bxf8 Rxf8 36.N2f3 Rc7
37.g3 Rfc8 38.Kg2 Rc1 39.Re2 Nd8 40.Rb2 Kg7 41.Bd3 R8c7 42.Ra2 Rb7 43.Bc2 Rc7
44.Nd2 Nc6 45.Nxc6 Rxc6 46.Bd3 R6c3  0-1

[Event "Quebec inv"]
[Site "Quebec"]
[Date "1989.??.??"]
[Round "6"]
[White "Girard, Robin"]
[Black "Levtchouk, George"]
[Result "0-1"]
[WhiteElo "2215"]
[BlackElo "2305"]

1.e4 g6 2.d4 Bg7 3.Nc3 d6 4.f4 Nc6 5.Be3 Nf6 6.Nf3 O-O 7.Bd3 e6 8.h3 Ne7
9.Qd2 b6 10.g4 Bb7 11.Rg1 c5 12.O-O-O c4 13.Bxc4 Nxe4 14.Nxe4 Bxe4 15.Ng5 Bd5
16.Bd3 Qd7 17.h4 Rac8 18.Kb1 Bc4 19.h5 h6 20.Nh3 Bxd3 21.Qxd3 Qc6 22.c3 Qf3
23.Bc1 Qxd3+ 24.Rxd3 gxh5 25.g5 hxg5 26.Nxg5 d5 27.Rh3 Nf5 28.Rxh5 Rfd8 29.Rh3 Kf8
30.b3 Ke8 31.Ba3 Bf8 32.Bc1 Bh6 33.Nh7 Ke7 34.Ba3+ Kd7 35.Nf6+ Kc6 36.Rf1 Rh8
37.c4 dxc4 38.Rc3 Kb5 39.d5 Bg7 40.bxc4+ Ka6 41.Bb2 Rh2 42.Ra3+ Kb7 43.Be5 Bxf6
44.Bxf6 Rxc4 45.dxe6 fxe6 46.Be5 Rb4+ 47.Ka1 Re2 48.Rc1 a5 49.Rac3 Ka6 50.Rb1 Ne3
51.a3 Rc4 52.Rbb3 a4  0-1

[Event "Quebec inv"]
[Site "Quebec"]
[Date "1989.??.??"]
[Round "9"]
[White "Berube, Richard"]
[Black "Levtchouk, George"]
[Result "0-1"]
[WhiteElo "2260"]
[BlackElo "2305"]

1.e4 g6 2.d4 Bg7 3.Nc3 d6 4.f4 Nc6 5.Be3 Nf6 6.h3 O-O 7.Nf3 e6 8.Qd2 Ne7
9.g4 b6 10.Bg2 Bb7 11.Ng1 b5 12.Qd3 b4 13.Nce2 Qc8 14.Ng3 c5 15.dxc5 dxc5
16.Qd6 Nc6 17.e5 Rd8 18.Qxc5 Nd5 19.Bxd5 Rxd5 20.Qc4 Nd4 21.Qxc8+ Rxc8 22.Bxd4 Rxd4
23.N1e2 Rdd8 24.O-O Rxc2 25.Rad1 Rdd2 26.Rxd2 Rxd2 27.Rb1 g5 28.a3 gxf4 29.Nxf4 Bxe5
30.Ngh5 b3 31.g5 Bd4+ 32.Kf1 Rxb2 33.Rc1 Rc2  0-1

[Event "Reggio Emilia 8990"]
[Site "Reggio Emilia"]
[Date "1989.??.??"]
[Round "?"]
[White "Wagman, Stuart"]
[Black "Pastircak, Milan"]
[Result "0-1"]
[WhiteElo "2290"]
[BlackElo "2375"]

1.e4 g6 2.d4 Bg7 3.Nc3 d6 4.Nf3 Nf6 5.Be3 Bg4 6.Be2 Nc6 7.O-O O-O 8.Qd2 e5
9.dxe5 dxe5 10.Rad1 Qc8 11.Qc1 Rd8 12.Rxd8+ Qxd8 13.Rd1 Qf8 14.h3 Bxf3 15.Bxf3 a6
16.Nb1 Rd8 17.Rxd8 Nxd8 18.c3 Ne8 19.Be2 Nd6 20.f3 Ne6 21.Nd2 Bh6 22.Nc4 Bf4
23.Qe1 Bxe3+ 24.Nxe3 Nf4 25.Kh2 Qh6 26.Bf1 Nh5 27.g3 Qg5 28.h4 Qe7 29.Qd2 c6
30.Nc4 Nxc4 31.Bxc4 Kg7 32.b4 b5 33.Bf1 a5 34.a3 axb4 35.axb4 Qe6 36.c4 bxc4
37.Qc3 Kg8 38.Bxc4 Qf6 39.Qe3 Qd6 40.Qe1 Qd4 41.Bf1 Qb2+ 42.Kh3 Kg7 43.Ba6 Qa3
44.Bb7 Qxf3 45.Kh2 Qd3  0-1

[Event "Royan op"]
[Site "Royan"]
[Date "1989.??.??"]
[Round "1"]
[White "Lane, Gary W"]
[Black "Saucey, Michel"]
[Result "1-0"]
[WhiteElo "2385"]
[BlackElo "2210"]

1.e4 g6 2.d4 Bg7 3.Nc3 d6 4.Be3 Nf6 5.Qd2 O-O 6.f3 e5 7.Nge2 c6 8.O-O-O Nbd7
9.g4 b5 10.Nb1 Nb6 11.Ng3 Be6 12.b3 exd4 13.Bxd4 d5 14.g5 Nfd7 15.Bxg7 Kxg7
16.f4 f6 17.h4 Bg4 18.Be2 Bxe2 19.Qxe2 Qe7 20.Rdg1 f5 21.exf5 Qxe2 22.f6+  1-0

[Event "Royan op"]
[Site "Royan"]
[Date "1989.??.??"]
[Round "3"]
[White "Apicella, Manuel"]
[Black "Coudari, Camille"]
[Result "1/2-1/2"]
[WhiteElo "2395"]
[BlackElo "2315"]

1.e4 d6 2.d4 g6 3.Nc3 Bg7 4.f4 Nc6 5.Be3 e5 6.dxe5 Nh6 7.Be2 O-O 8.exd6 cxd6
9.Nf3 Ng4 10.Bg1 Re8 11.Nd4 Nf6 12.Nxc6 bxc6 13.e5 dxe5 14.Qxd8 Rxd8 15.fxe5 Ng4
16.Rd1 Re8 17.Bd4 Nxe5 18.Ne4 Bg4 19.Ng3 Nc4 20.b3 Bxe2 21.Nxe2 Bxd4 22.Rxd4 Ne3
23.Kf2 Nxg2 24.Ng3 Ne3 25.c4 Re6 26.Re1 Rae8 27.Re2 f5 28.h3 a5 29.Red2 Kf7
30.Rd7+ R8e7 31.Rd8 g5 32.Ne2 Nd1+ 33.Kf1 Ne3+ 34.Kf2 Nd1+ 35.Kf1 Ne3+ 36.Kf2  1/2-1/2

[Event "Royan op"]
[Site "Royan"]
[Date "1989.??.??"]
[Round "5"]
[White "Chevallier, Didier"]
[Black "Saucey, Michel"]
[Result "0-1"]
[WhiteElo "2290"]
[BlackElo "2210"]

1.e4 g6 2.d4 Bg7 3.Nc3 d6 4.Nge2 Nf6 5.g3 O-O 6.Bg2 e5 7.h3 c6 8.a4 a5 9.Be3 Na6
10.O-O Nb4 11.Qd2 Be6 12.Rad1 Bc4 13.Rfe1 Re8 14.Kh2 Qc7 15.Nc1 exd4 16.Bxd4 d5
17.b3 Ba6 18.exd5 cxd5 19.f4 Rac8 20.Rxe8+ Nxe8 21.Bxg7 Nxg7 22.Nxd5 Nxd5
23.Qxd5 Qxc2 24.Re1 Nf5 25.Qd7 Kg7 26.Ne2 Bxe2 27.Rxe2 Qxe2 28.Qxc8 Qe3 29.Qxb7 Qxg3+
30.Kh1 Qxf4 31.Qb5 Qc1+ 32.Kh2 Qc7+ 33.Kg1 h5 34.b4 Qc1+ 35.Kh2 Qf4+ 36.Kg1 axb4
37.a5 Qe3+ 38.Kh2 Qg3+ 39.Kh1 Ne3 40.Qb7 Nxg2 41.a6 Qxh3+ 42.Kg1 Ne3 43.Kf2 Ng4+
44.Ke2 Qe3+ 45.Kd1 Nf2+ 46.Kc2 Qc3+ 47.Kb1 b3  0-1

[Event "San Bernardino op"]
[Site "San Bernardino"]
[Date "1989.??.??"]
[Round "4"]
[White "Wagman, Stuart"]
[Black "Mohr, Stefan"]
[Result "0-1"]
[WhiteElo "2290"]
[BlackElo "2530"]

1.e4 g6 2.d4 Bg7 3.Nc3 d6 4.Nf3 Nf6 5.h3 O-O 6.Be3 a6 7.a4 b6 8.Qd2 Bb7 9.d5 c6
10.Bh6 cxd5 11.exd5 Nbd7 12.Bxg7 Kxg7 13.Rd1 Rc8 14.Nd4 Nxd5 15.Nxd5 Bxd5
16.Bxa6 Ra8 17.Bb5 Bxg2 18.Rg1 Bb7 19.Nf5+ Kh8 20.Qh6 Rg8 21.Rd4 Nf6 22.Ne3 Rc8
23.b4 Be4 24.c4 e5 25.Rd2 Nh5 26.Nd5 Bxd5 27.Rxd5 Nf4 28.Rd1 Qe7 29.Rg3 Qb7
30.Qg5 Rgd8 31.Qf6+ Kg8 32.Rxd6 Qe4+ 33.Kd2 Qe2+ 34.Kc3 Rxd6 35.Qxd6 Qxf2
36.Rg5 Ne2+  0-1

[Event "Sochi-A"]
[Site "Sochi"]
[Date "1989.??.??"]
[Round "?"]
[White "Nun, Jiri"]
[Black "Schlosser, Michael"]
[Result "1/2-1/2"]
[WhiteElo "2475"]
[BlackElo "2430"]

1.e4 g6 2.d4 Bg7 3.Nc3 d6 4.Be2 Nf6 5.Be3 c6 6.a4 a5 7.h3 O-O 8.Nf3 Na6 9.O-O d5
10.e5 Nd7 11.Qd2 f6 12.exf6 exf6 13.Rfe1 Nb6 14.b3 Bf5 15.Na2 Nc8 16.Bd3 Bxd3
17.Qxd3 Nd6 18.h4 Qd7 19.h5 g5 20.Bd2 Nc7 21.Nc3 Qf7 22.Bc1 Qxh5 23.Ba3 Rad8
24.Bc5 Rf7 25.Bxd6 Rxd6 26.Ne2 Qg6 27.Qd2 Ne6 28.Ng3 Bf8 29.Re2 Nf4 30.Re8 Re6
31.Rxe6 Nxe6 32.Re1 Ng7 33.Qxa5 Qxc2 34.Qb6 h5 35.Nf1 Qc3 36.Re3 Qb4 37.Qd8 Qd6
38.Qa8 h4 39.N3h2 Qd7 40.a5 Kh7 41.a6 bxa6 42.Rc3 Qb7 43.Qxb7 Rxb7 44.Rxc6 Nh5
45.Ng4 Kg6 46.Nfe3 Rxb3 47.Rxa6 Rb5 48.Ne5+ Kh7 49.N5g4 Kg6 50.Ne5+ Kh7 51.N5g4 Kg7
52.Kh2 Kf7 53.g3 hxg3+ 54.fxg3 Be7 55.Nf5 Rb2+ 56.Kh3 Bd8  1/2-1/2

[Event "BUL-ch"]
[Site "Sofia"]
[Date "1989.??.??"]
[Round "1"]
[White "Janev, Evgeni"]
[Black "Danailov, Silvio"]
[Result "0-1"]
[WhiteElo "2260"]
[BlackElo "2385"]

1.e4 d6 2.d4 g6 3.Nc3 Bg7 4.f4 Nf6 5.Nf3 O-O 6.Be3 Nbd7 7.Qd2 c5 8.dxc5 Nxc5
9.Bd3 b6 10.f5 Bb7 11.Bd4 d5 12.exd5 Bxd5 13.Nxd5 Qxd5 14.fxg6 hxg6 15.O-O Rad8
16.Rfd1 Qh5 17.Qe1 Rxd4 18.Nxd4 Ng4 19.Nf3 Bd4+ 20.Kf1 Nxh2+ 21.Nxh2 Qxh2
22.Be4 Bxb2 23.Rab1 Bf6 24.Bf3 Kg7 25.Qe3 e5 26.Rd6 e4 27.Rxf6 Kxf6 28.Rb4 exf3  0-1

[Event "BUL-ch"]
[Site "Sofia"]
[Date "1989.??.??"]
[Round "2"]
[White "Dimitrov, Vladimir"]
[Black "Grigorov, Jordan N"]
[Result "1/2-1/2"]
[WhiteElo "2420"]
[BlackElo "2360"]

1.e4 g6 2.d4 Bg7 3.Nc3 d6 4.Nf3 Nf6 5.Be2 O-O 6.O-O Nc6 7.d5 Nb8 8.Re1 c6
9.a4 a5 10.h3 Na6 11.Bc4 Nb4 12.Bb3 Nd7 13.Nb1 Nc5 14.Bc4 e6 15.c3 Nba6 16.Bg5 Qc7
17.dxe6 Bxe6 18.Nbd2 Rfe8 19.Bxe6  1/2-1/2

[Event "BUL-ch"]
[Site "Sofia"]
[Date "1989.??.??"]
[Round "14"]
[White "Janev, Evgeni"]
[Black "Grigorov, Jordan N"]
[Result "1-0"]
[WhiteElo "2260"]
[BlackElo "2360"]

1.e4 g6 2.d4 Bg7 3.Nc3 d6 4.f4 Nc6 5.Nf3 Bg4 6.Be3 Bxf3 7.gxf3 e6 8.Qd2 d5
9.O-O-O Nge7 10.Bb5 a6 11.Bxc6+ Nxc6 12.f5 Qd7 13.Bg5 gxf5 14.exf5 h6 15.Bh4 Bxd4
16.Rhe1 Qd6 17.Ne2 Be5 18.f4 Bg7 19.Ng3 Kd7 20.Nh5 Rhg8 21.fxe6+ fxe6 22.f5 Raf8
23.Rxe6 Qb4 24.Qxb4 Nxb4 25.Re7+  1-0

[Event "JUG-ch (Women)"]
[Site "Split"]
[Date "1989.??.??"]
[Round "15"]
[White "Maric, Mirjana"]
[Black "Petrovic, Marija"]
[Result "0-1"]
[WhiteElo "2285"]
[BlackElo "2305"]

1.e4 g6 2.d4 Bg7 3.Nc3 d6 4.g3 Nc6 5.Be3 e5 6.dxe5 Nxe5 7.h3 Be6 8.Nd5 c6
9.Nf4 Bc4 10.Bg2 Nf6 11.b3 Ba6 12.Nge2 g5 13.Nd3 Bxd3 14.cxd3 Qa5+ 15.Kf1 h6
16.d4 Ng6 17.Kg1 Nd7 18.Kh2 h5 19.b4 Qd8 20.f4 gxf4 21.gxf4 Qe7 22.Rc1 Nh4
23.Qf1 Rg8 24.Bf3 Bh6 25.Ng3 Nf6 26.Rg1 Qe6 27.Qf2 Nxf3+ 28.Qxf3 Qxa2+ 29.Rg2 Qb3
30.Rcg1 Bf8 31.Nf5 Rxg2+ 32.Rxg2 O-O-O 33.e5 Nd5 34.Qe2 Nxe3 35.Nxe3 dxe5
36.dxe5 Qxb4 37.Rf2 Bc5 38.Qf3 Rd2 39.Kg3 Rxf2 40.Qxf2 Qe4  0-1

[Event "JUG-ch (Women)"]
[Site "Split"]
[Date "1989.??.??"]
[Round "15"]
[White "Bojkovic, Natasa"]
[Black "Cejic, Dusica"]
[Result "1-0"]
[WhiteElo "2260"]
[BlackElo "2195"]

1.e4 d6 2.d4 g6 3.Nc3 Bg7 4.h3 a6 5.a4 b6 6.Nf3 Bb7 7.Bc4 e6 8.Bg5 Ne7 9.O-O h6
10.Bh4 Nd7 11.Qe2 O-O 12.Rad1 Re8 13.Rfe1 Nf8 14.Nh2 g5 15.Bg3 Neg6 16.Qh5 Kh7
17.Nf3 Qe7 18.e5 Bxf3 19.Qxf3 d5 20.Bd3 c5 21.dxc5 bxc5 22.b3 Kg8 23.Re2 Qc7
24.Rde1 Nd7 25.Bxg6 fxg6 26.Nxd5 exd5 27.e6 Qc6 28.Qf7+ Kh7 29.Qxd7 Rac8
30.Be5 Rg8 31.Bxg7  1-0

[Event "St Ingbert op"]
[Site "St Ingbert"]
[Date "1989.??.??"]
[Round "5"]
[White "Biehler, Thomas"]
[Black "Gausel, Einar"]
[Result "0-1"]
[WhiteElo "2225"]
[BlackElo "2375"]

1.e4 g6 2.d4 Bg7 3.Nc3 d6 4.Be3 a6 5.f4 b5 6.Bd3 Bb7 7.Nf3 Nd7 8.e5 e6 9.Ne4 Nb6
10.Qe2 Ne7 11.O-O-O Ned5 12.Bd2 Nc4 13.Bxc4 bxc4 14.Qxc4 Qd7 15.Qe2 a5 16.Kb1 O-O
17.h4 Rfb8 18.Nc3 Ba6 19.Qf2 Bc4 20.Nxd5 Bxd5 21.Bc1 h5 22.Rh3 Qc6 23.Ne1 Be4
24.Ka1 Rb4 25.Rc3 Qb7 26.g3 Rb8 27.Nd3 Bxd3 28.cxd3 Qd5 29.Rc4 Rxc4 30.dxc4 Qxc4
31.b3 Qd5 32.Qc2 Rd8 33.Qxc7 dxe5 34.Qc4 Qxc4 35.bxc4 exf4 36.Bxf4 Rc8 37.Rc1 Bxd4+
38.Kb1 e5 39.Bd2 a4 40.Rc2 f5 41.Kc1 Kf7 42.Kd1 Ke6 43.Ke2 Rb8 44.Be3 Rb2
45.Rxb2 Bxb2 46.Kd3 Kd6 47.Ke2 Ba3 48.Bh6 Bc5 49.Bd2 Kc6 50.Kf3 Bd6 51.Be3 Bc7
52.Kg2 Ba5 53.Kf3 Be1 54.Ba7 Bd2 55.Ke2 Bc1 56.Kf3 g5 57.hxg5 Bxg5 58.Bf2 Be7
59.Kg2 Bc5 60.Be1 Ba3 61.Bf2 Bb2 62.Kh3 Bd4 63.Be1 Kc5 64.Kh4 f4  0-1

[Event "SWE-ch"]
[Site "?"]
[Date "1989.??.??"]
[Round "?"]
[White "Winsnes, Rikard"]
[Black "Sandstrom, Ludvig"]
[Result "1/2-1/2"]
[WhiteElo "2355"]
[BlackElo "2320"]

1.e4 g6 2.d4 Bg7 3.Nc3 d6 4.h3 Nf6 5.Nf3 O-O 6.Be3 Na6 7.Be2 c5 8.dxc5 Nxc5
9.e5 Nfe4 10.Nxe4 Nxe4 11.Qd5 Nc5 12.Bxc5 Be6 13.Qxb7 dxc5 14.O-O Bd5 15.Qb5 Qc7
16.b4 Rab8 17.Qxc5 Qxc5 18.bxc5 Rbc8 19.c4 Bxf3  1/2-1/2

[Event "SWE-ch"]
[Site "?"]
[Date "1989.??.??"]
[Round "?"]
[White "Eriksson, Mats"]
[Black "Johansson, Jan"]
[Result "1-0"]
[WhiteElo "2255"]
[BlackElo "2365"]

1.e4 g6 2.d4 Bg7 3.Nc3 d6 4.Nf3 a6 5.Be2 b5 6.O-O Bb7 7.Re1 Nd7 8.Bf1 b4
9.Nb1 Ngf6 10.e5 Nd5 11.e6 fxe6 12.Ng5 Nf8 13.a3 Qc8 14.axb4 h6 15.Ne4 Nxb4
16.c4 Nc6 17.Be3 Kf7 18.d5 Nd8 19.Nbc3 Kg8 20.h4 Nf7 21.Ra3 c6 22.g3 cxd5
23.cxd5 exd5 24.Nxd5 Bxd5 25.Qxd5 e6 26.Qa2 Rb8 27.Nc3 Ne5 28.Rd1 d5 29.Rxa6 d4
30.Nd5 exd5 31.Qxd5+ Kh7 32.Bxd4 Qb7 33.Bxe5 Qxd5 34.Rxd5 Rb7 35.Bd3 Rg8
36.h5 Bxe5 37.hxg6+ Nxg6 38.Rxe5  1-0

[Event "SWE-ch"]
[Site "?"]
[Date "1989.??.??"]
[Round "?"]
[White "Winge, Stefan"]
[Black "Johansson, Jan"]
[Result "1/2-1/2"]
[WhiteElo "2270"]
[BlackElo "2365"]

1.e4 g6 2.d4 Bg7 3.Nc3 d6 4.Nge2 Nf6 5.g3 O-O 6.Bg2 Nbd7 7.h3 c6 8.a4 b6
9.O-O Bb7 10.g4 a6 11.f4 b5 12.e5 Ne8 13.Ne4 Qc7 14.Bd2 c5 15.c3 Nb6 16.axb5 axb5
17.N2g3 Nc4 18.Rxa8 Bxa8 19.b3 Nxd2 20.Qxd2 cxd4 21.cxd4 Qb6 22.Qf2 Nc7 23.Ne2 Bd5
24.Nd2 Bxg2 25.Kxg2 Ra8 26.Qf3 Ra2 27.Rd1 Ne6 28.Qd3 Qb7+ 29.Qf3 Qa7 30.Qd3 Qb7+
31.Qf3 Qa7 32.Qd3 Qa8+ 33.Qf3 Qa7  1/2-1/2

[Event "SWE-ch"]
[Site "?"]
[Date "1989.??.??"]
[Round "?"]
[White "Ernst, Thomas"]
[Black "Johansson, Jan"]
[Result "0-1"]
[WhiteElo "2460"]
[BlackElo "2365"]

1.e4 g6 2.d4 Bg7 3.Nc3 d6 4.Be3 c6 5.Qd2 Nd7 6.f3 b5 7.g4 Nb6 8.h4 h5 9.g5 e6
10.b3 Ne7 11.Nge2 O-O 12.Ng3 a5 13.Bg2 Qc7 14.f4 b4 15.Nce2 d5 16.e5 Ba6
17.Kf2 Bxe2 18.Qxe2 c5 19.dxc5 Nd7 20.a3 Nxe5 21.Bh3 Nd7 22.Rad1 Nxc5 23.a4 d4
24.Bc1 Nd5 25.Qf3 Rad8 26.Rhe1 d3 27.cxd3 Nc3 28.Rd2 Nxb3 29.Rxe6 Nd4  0-1

[Event "SWE-FIN"]
[Site "?"]
[Date "1989.??.??"]
[Round "2"]
[White "Wiedenkeller, Michael"]
[Black "Norri, Joose"]
[Result "1-0"]
[WhiteElo "2440"]
[BlackElo "2370"]

1.d4 g6 2.e4 Bg7 3.Nc3 d6 4.g3 Nc6 5.Be3 e5 6.dxe5 Nxe5 7.f4 Bg4 8.Be2 Nc4
9.Bd4 Bxe2 10.Ngxe2 Nf6 11.Qd3 Nb6 12.O-O-O O-O 13.h3 Re8 14.g4 h5 15.Rdg1 hxg4
16.hxg4 Nbd7 17.g5 Nh5 18.Bxg7 Kxg7 19.Qd4+  1-0

[Event "FIN-ch"]
[Site "Tampere"]
[Date "1989.??.??"]
[Round "?"]
[White "Rantanen, Yrjo A"]
[Black "Nokka, Risto"]
[Result "1-0"]
[WhiteElo "2370"]
[BlackElo "2250"]

1.e4 g6 2.d4 Bg7 3.Nc3 d6 4.Be3 Nf6 5.h3 O-O 6.g4 h5 7.Be2 h4 8.Nf3 c5 9.dxc5 Qa5
10.Nd2 dxc5 11.e5 Nfd7 12.f4 Nc6 13.Nb3 Qd8 14.Ne4 b6 15.O-O Qc7 16.Qe1 Bb7
17.Qxh4 Nd4 18.Bd3 Qc6 19.Nbd2 Rfe8 20.c3 Ne6 21.Nf3 c4 22.Bc2 Ndc5 23.Bxc5 Nxc5
24.Neg5 Nd3 25.Bxd3 cxd3 26.e6 Qc5+ 27.Kh2 f6 28.Qh7+ Kf8 29.Qxg6  1-0

[Event "Tel Aviv-B"]
[Site "Tel Aviv"]
[Date "1989.??.??"]
[Round "?"]
[White "Kagan, Shimon"]
[Black "Davies, Nigel R"]
[Result "1-0"]
[WhiteElo "2375"]
[BlackElo "2485"]

1.e4 g6 2.d4 d6 3.Nc3 Bg7 4.Nge2 a6 5.g3 b5 6.Bg2 Bb7 7.O-O Nd7 8.a4 b4 9.Nd5 a5
10.Re1 c6 11.Ne3 Ngf6 12.c3 bxc3 13.bxc3 O-O 14.Ba3 Rb8 15.f4 Nb6 16.c4 Nfd7
17.Rb1 Ba6 18.Qc2 c5 19.e5 Rc8 20.dxc5 Nxc5 21.Bh3 Ncd7 22.e6 fxe6 23.Bxe6+ Kh8
24.Bb2 Rb8 25.Bxg7+ Kxg7 26.Nd4 Qc7 27.Bxd7 Qxd7 28.Rxb6 Rxb6 29.Nd5 Rb7
30.Ne6+ Kg8 31.Nxf8 Kxf8 32.Qc3  1-0

[Event "Toronto"]
[Site "Toronto"]
[Date "1989.??.??"]
[Round "2"]
[White "Bailey, Doug"]
[Black "Norwood, David"]
[Result "0-1"]
[WhiteElo "2355"]
[BlackElo "2430"]

1.e4 g6 2.d4 Bg7 3.Nc3 d6 4.f4 a6 5.Nf3 b5 6.Bd3 Bb7 7.Be3 b4 8.Ne2 Nf6 9.Ng3 h5
10.h4 Ng4 11.Qd2 c5 12.f5 Nxe3 13.Qxe3 cxd4 14.Qf2 Nc6 15.Ng5 Bf6 16.Bc4 Ne5
17.Bb3 d3 18.fxg6 fxg6 19.Ba4+ Bc6 20.Bxc6+ Nxc6 21.cxd3 Qa5 22.Qd2 Nd4 23.O-O Rc8
24.Rac1 Rxc1 25.Qxc1 Kd7 26.Qe3 Qc5 27.Kh1 Ne6 28.Qe2 Nxg5 29.hxg5 Qxg5 30.Qf2 Rc8
31.d4 Rc2 32.Ne2 Rxe2  0-1

[Event "Tirnavia-B"]
[Site "Trnava"]
[Date "1989.??.??"]
[Round "4"]
[White "Savon, Vladimir A"]
[Black "Bilek, Istvan"]
[Result "1/2-1/2"]
[WhiteElo "2425"]
[BlackElo "2410"]

1.d4 g6 2.e4 Bg7 3.Nc3 d6 4.Nge2 a6 5.g3 b5 6.Bg2 Bb7 7.O-O Nd7 8.a4 b4 9.Nd5 a5
10.c3 e6 11.Ne3 bxc3 12.bxc3 Ne7 13.Rb1 Ba6 14.Ba3 Nb6  1/2-1/2

[Event "Tirnavia-C"]
[Site "Trnava"]
[Date "1989.??.??"]
[Round "8"]
[White "Duriga, Stefan"]
[Black "Brandner, Stefan"]
[Result "0-1"]
[WhiteElo "2295"]
[BlackElo "2270"]

1.d4 g6 2.e4 Bg7 3.Nc3 d6 4.Be3 Nd7 5.Qd2 a6 6.O-O-O b5 7.f4 Ngf6 8.e5 Ng4
9.Nf3 Nxe3 10.Qxe3 O-O 11.Bd3 c5 12.e6 cxd4 13.Nxd4 Nc5 14.Be4 Nxe4 15.Nxe4 h6
16.g3 fxe6 17.h4 Qb6 18.h5 e5 19.Qb3+ Kh8 20.fxe5 dxe5 21.Nf3 Be6 22.Qd3 Rad8
23.Qe2 Bc4 24.Qg2 Bd5 25.Nfd2 b4 26.hxg6 Qc6 27.Kb1 a5 28.Qe2 a4 29.Qe3 Qxg6
30.Ka1 Bc6 31.Rhe1 Rd4 32.c3 bxc3 33.bxc3 Rdd8 34.Rb1 Rb8 35.Rxb8 Rxb8 36.Rb1  0-1

[Event "Tirnavia-C"]
[Site "Trnava"]
[Date "1989.??.??"]
[Round "9"]
[White "Zakic, Srdjan"]
[Black "Duriga, Stefan"]
[Result "1-0"]
[WhiteElo "2330"]
[BlackElo "2295"]

1.e4 d6 2.d4 g6 3.Nc3 Bg7 4.Be3 Nf6 5.h3 O-O 6.Nf3 c6 7.a4 Nbd7 8.a5 e5 9.dxe5 dxe5
10.Qd6 Ne8 11.Qa3 Bf6 12.Bc4 Qe7 13.Qxe7 Bxe7 14.Bh6 Ng7 15.O-O Re8 16.Ng5 Bxg5
17.Bxg5 Ne6 18.Bxe6 Rxe6 19.Rfd1 f6 20.Be3 Kf7 21.b4 f5 22.f3 f4 23.Bf2 g5
24.Rd3 Re8 25.Rad1 Nf8 26.Na4 h5 27.Rd6 Re6 28.Rd8 Re8 29.Bc5 Rxd8 30.Rxd8 Ne6
31.Rh8 Kg7 32.Re8 Kf7 33.Rh8 Kg7 34.Re8 Kf7 35.Re7+ Kf6 36.Bd6 g4 37.hxg4 hxg4
38.Re8 b6 39.fxg4 Ng5 40.Bxe5+ Kf7 41.Rh8 Nxe4 42.axb6 axb6 43.Nxb6  1-0

[Event "Tirnavia-C"]
[Site "Trnava"]
[Date "1989.??.??"]
[Round "10"]
[White "Franzen, Josef"]
[Black "Zakic, Srdjan"]
[Result "1-0"]
[WhiteElo "2345"]
[BlackElo "2330"]

1.e4 g6 2.d4 Bg7 3.Nc3 d6 4.f4 c6 5.Nf3 Bg4 6.Be3 Nd7 7.h3 Bxf3 8.Qxf3 b5
9.Bd3 b4 10.Ne2 Ngf6 11.O-O O-O 12.Kh1 e5 13.dxe5 dxe5 14.f5 Ne8 15.Bc4 Nd6
16.Bb3 a5 17.fxg6 hxg6 18.Rad1 Qc7 19.Rxd6 Qxd6 20.Bxf7+ Kh7 21.Qg4 Rxf7
22.Rxf7 Nf6 23.Qg5 Qd1+ 24.Kh2 Nh5 25.Qh6+ Kg8 26.Qxg6 Rd8 27.Bh6 Rd7 28.Rxd7 Qxd7
29.Qxh5 Bxh6  1-0

[Event "Tirnavia-C"]
[Site "Trnava"]
[Date "1989.??.??"]
[Round "13"]
[White "Brandner, Stefan"]
[Black "Minich, Peter"]
[Result "1-0"]
[WhiteElo "2270"]
[BlackElo "2225"]

1.e4 d6 2.d4 g6 3.Nc3 Bg7 4.Bg5 c6 5.Qd2 Qa5 6.f4 Nf6 7.Nf3 Bg4 8.Bd3 Nbd7
9.O-O Bxf3 10.Rxf3 h6 11.Bh4 O-O-O 12.Rb1 Rdg8 13.b4 Qb6 14.b5 Ng4 15.bxc6 Bxd4+
16.Kh1 Bxc3 17.cxd7+ Kb8 18.Qd1 Qd4 19.Bxe7 Ba5 20.c3 Nf2+ 21.Rxf2 Qxf2 22.Ba6 Bb6
23.Qxd6+ Ka8 24.Qd5 Rb8 25.d8=Q Rhxd8 26.Bxd8 Qc2 27.Bd3  1-0

[Event "Wch U20"]
[Site "Tunja"]
[Date "1989.??.??"]
[Round "7"]
[White "Shirov, Alexei"]
[Black "Stangl, Markus"]
[Result "1-0"]
[WhiteElo "2495"]
[BlackElo "2375"]

1.d4 g6 2.e4 d6 3.Nc3 Bg7 4.f4 c6 5.Nf3 Bg4 6.Be3 Qb6 7.Qd2 Nf6 8.Be2 d5
9.e5 Nfd7 10.O-O-O Qa5 11.Ng5 Bxe2 12.Qxe2 h6 13.Nxf7 Kxf7 14.f5 gxf5 15.Qh5+ Kg8
16.Rdf1 e6 17.g4 Qd8 18.gxf5 exf5 19.Rhg1 Qe7 20.Rxg7+ Kxg7 21.Rg1+ Kf8 22.Bxh6+ Rxh6
23.Qxh6+ Ke8 24.Rg7 Qb4 25.a3  1-0

[Event "Uzes op"]
[Site "Uzes"]
[Date "1989.??.??"]
[Round "7"]
[White "Prie, Eric"]
[Black "Abravanel, Chely"]
[Result "0-1"]
[WhiteElo "2405"]
[BlackElo "2265"]

1.e4 g6 2.d4 Bg7 3.Nc3 d6 4.f4 Nf6 5.Nf3 Nc6 6.Bd3 O-O 7.O-O Nb4 8.e5 dxe5
9.fxe5 Ng4 10.Bc4 c5 11.d5 Nxe5 12.Nxe5 Bxe5 13.a3 e6 14.axb4 Qh4 15.g3 Qxc4
16.Bh6 cxb4 17.Bxf8 bxc3 18.Qf3 Bd4+ 19.Kg2 Qxd5 20.Qxd5 exd5 21.bxc3 Bxc3
22.Ra3 d4 23.Bh6 Bf5 24.Rf2 a5 25.Bd2 Bxc2 26.Bxc3 Be4+ 27.Kf1 dxc3 28.Rxc3 b5
29.Rc7 Bd3+ 30.Ke1 Bc4 31.Kd2 a4 32.Kc3 a3  0-1

[Event "Val Maubuee op"]
[Site "Val Maubuee"]
[Date "1989.??.??"]
[Round "?"]
[White "Dussol, Pierre"]
[Black "Vitchen, J."]
[Result "1-0"]
[WhiteElo "2250"]
[BlackElo "1710"]

1.e4 g6 2.d4 Bg7 3.Nc3 d6 4.Nf3 c6 5.Bc4 Nf6 6.Bb3 O-O 7.Bg5 Qa5 8.Qe2 b5
9.e5 b4 10.Ne4 Nxe4 11.Qxe4 d5 12.Qh4 f6 13.Bh6 Be6 14.Bxg7 Kxg7 15.O-O Na6
16.Rfe1 f5  1-0

[Event "Val Maubuee op"]
[Site "Val Maubuee"]
[Date "1989.??.??"]
[Round "?"]
[White "Gazik, Igor"]
[Black "Dussol, Pierre"]
[Result "1-0"]
[WhiteElo "2390"]
[BlackElo "2250"]

1.e4 g6 2.d4 Bg7 3.Nc3 d6 4.Be3 Nf6 5.f3 Nc6 6.Qd2 O-O 7.g4 e5 8.Nge2 exd4
9.Nxd4 Ne5 10.Be2 a6 11.O-O-O c5 12.Nb3 c4 13.Nd4 b5 14.g5 b4 15.Nb1 Nxe4
16.fxe4 Qa5 17.c3 Qxa2 18.cxb4 Bd7 19.Nc3 Qa1+ 20.Kc2 Ba4+ 21.Nxa4 Qxa4+
22.Kb1 Rab8 23.Qc2 Qxb4 24.Bd2 Qc5 25.Bc3 Rb6 26.Rd2 Rfb8 27.Rc1 Nd3 28.Bxd3 cxd3
29.Qxd3 Qxg5 30.Nf3 Qf4 31.Bxg7 Kxg7 32.Qd4+ f6 33.Rf2 Rb4 34.Rc4 Rxc4 35.Qxc4 Re8
36.Qc7+ Kh6 37.Qc1 Qxc1+ 38.Kxc1 Rxe4 39.Rd2 Re3 40.Nd4 f5 41.Nc2 Rh3 42.Rxd6 Rxh2
43.Rxa6 f4 44.Nd4 Rh3 45.b4 Rc3+ 46.Kd2 Rc4 47.Nc2 Kg5 48.Kd3 Rc8 49.Nd4 Kg4
50.b5 f3 51.Rf6 Rb8 52.Kc4 Rc8+ 53.Kd5 g5 54.Nxf3 h5 55.b6 h4 56.b7 Rd8+
57.Kc6 h3 58.Kc7 Rh8 59.b8=Q Rxb8 60.Kxb8 Kh5 61.Rf5 Kg4 62.Rf8 Kg3 63.Nxg5 h2
64.Ne4+  1-0

[Event "Val Maubuee op"]
[Site "Val Maubuee"]
[Date "1989.??.??"]
[Round "?"]
[White "Donne, Pol"]
[Black "Girard, D."]
[Result "0-1"]
[WhiteElo "1790"]
[BlackElo "1680"]

1.d4 d6 2.e4 g6 3.Nc3 Bg7 4.Be3 a6 5.Qd2 b5 6.a3 Bb7 7.f3 Nd7 8.Nge2 c5 9.dxc5 Nxc5
10.O-O-O Rc8 11.Nd5 Nb3+  0-1

[Event "Val Thorens"]
[Site "Val Thorens"]
[Date "1989.??.??"]
[Round "7"]
[White "Nemirovski, Serge"]
[Black "Werner, Marc"]
[Result "0-1"]
[WhiteElo "2365"]
[BlackElo "2360"]

1.e4 g6 2.d4 Bg7 3.Nc3 d6 4.Be3 a6 5.a4 Nf6 6.Nf3 O-O 7.Be2 b6 8.O-O Bb7
9.Qd3 Nbd7 10.h3 e5 11.d5 Nc5 12.Bxc5 bxc5 13.a5 Nh5 14.Qe3 Nf4 15.Bc4 Bh6
16.Nh2 Bc8 17.Ng4 Bg7 18.Ne2 Qg5 19.Qg3 f5 20.exf5 gxf5 21.Nh2 Nxe2+ 22.Bxe2 Qxg3
23.fxg3 e4 24.c3 Bd7 25.g4 fxg4 26.Rxf8+ Kxf8 27.Nxg4 Bc8 28.Rf1+ Kg8 29.Ne3 Rb8
30.Nd1 Bb7 31.Bc4 Re8 32.g4 Bh6 33.Kf2 Rf8+ 34.Ke2 Rxf1 35.Kxf1 Bc1 36.Ke2 Kg7
37.b3 Kf6 38.Ne3 Ke5 39.Nf5 h5 40.Ne7 hxg4 41.hxg4 Kf4 42.b4 cxb4 43.cxb4 Ke5
44.Nc6+ Bxc6 45.dxc6 Ba3 46.b5 axb5 47.Bxb5 Kf4 48.Bc4 Kxg4 49.Ke3 Kf5 50.Kd4 Bb4
51.a6 Bc5+ 52.Kd5 Bb6 53.Bb5 Kf4 54.Ke6 Ke3 55.Kd7 Kd4 56.a7 Bxa7 57.Kxc7 Kc5
58.Kd7 Bb8 59.Bf1 d5 60.Ke6 Kd4 61.Ba6 Kc5 62.Kf5 Kxc6 63.Kg4 Kd6 64.Kf4 Ke6+
65.Ke3 Ke5 66.Ke2 Bd6 67.Ke3 Bf8 68.Bb5 Bh6+ 69.Ke2 Kd6 70.Ba6 d4 71.Bb5 Kc5
72.Ba6 Kb4 73.Bb7 d3+ 74.Kd1 e3 75.Bf3 Kc4 76.Bg4 Bf8  0-1